[Event "Mondiale Lampo FIDE 2019"]
[Site "Mosca"]
[Date "29.12.2019"]
[Round "8.40"]
[White "Carlsson, Pontus"]
[Black "Fridman, Daniel"]
[Result "1/2-1/2"]
[WhiteTitle "GM"]
[BlackTitle "GM"]
[WhiteElo "2456"]
[BlackElo "2616"]
[WhiteFideId "1705814"]
[BlackFideId "11600454"]
[EventDate "2019.12.29"]

1. e4 c6 2. d3 d5 3. Nd2 g6 4. Ngf3 Bg7 5. Be2 e5 6. O-O Ne7 7. c3 O-O 8. Re1 c5
9. Bf1 d4 10. Nc4 Nbc6 11. a4 b6 12. Bg5 f6 13. Bd2 Be6 14. cxd4 cxd4 15. Rc1
Rc8 16. b4 Qd7 17. Qb3 Rc7 18. Rc2 Rfc8 19. Rec1 Nd8 20. b5 Nb7 21. Bb4 g5 22.
g3 Ng6 23. Nfd2 h5 24. Be2 g4 25. Qa3 Bh6 26. Rb1 h4 27. Rcb2 Kg7 28. a5 bxa5
29. Bxa5 Nxa5 30. Qxa5 Rc5 31. Qa6 Rb8 32. b6 axb6 33. Rxb6 Rxb6 34. Rxb6 Bf7
35. Rb7 Rc7 36. Rxc7 Qxc7 37. Bxg4 Bxd2 38. Nxd2 Qc1+ 39. Nf1 hxg3 40. hxg3 Nf8
41. Kg2 Qb1 42. Nd2 Qc2 43. Nf3 Nh7 44. Nh4 Ng5 45. Nf5+ Kg6 46. Ne7+ Kg7 47.
Nf5+ Kg6 48. Bh5+ Kxh5 49. Qxf6 Bg6 50. Qh8+ Bh7 51. Ng7+ Kg6 52. Nf5 Kh5 53.
Qe8+ Bg6 54. Qh8+ Bh7 55. Qe8+ Bg6 56. Qxe5 Qe2 57. Qh8+ Bh7 58. Qe8+ Bg6 59.
Qh8+ Bh7 60. Ng7+ Kg6 61. Nf5 Qf3+ 62. Kg1 Qd1+ 63. Kg2 Qf3+ 64. Kg1 Kh5 65. Qg7
Kg4 66. Nh6+ Kh5 67. Nf5 Bxf5 68. exf5 Qxf5 69. Qh8+ Kg4 70. Qxd4+ Kh5 71. g4+ 1/2-1/2

[Event "Mondiale Lampo FIDE 2019"]
[Site "Mosca"]
[Date "29.12.2019"]
[Round "8.41"]
[White "Alekseev, Evgeny"]
[Black "Antipov, Mikhail Al."]
[Result "1/2-1/2"]
[WhiteTitle "GM"]
[BlackTitle "GM"]
[WhiteElo "2620"]
[BlackElo "2549"]
[WhiteFideId "4138147"]
[BlackFideId "4107012"]
[EventDate "2019.12.29"]

1. c4 g6 2. g3 c6 3. Bg2 d5 4. Nf3 Bg7 5. d4 Nf6 6. O-O O-O 7. Qb3 a5 8. cxd5 a4
9. Qd1 cxd5 10. Nc3 Qa5 11. Bd2 Nc6 12. e3 Qa7 13. Rc1 Bf5 14. Re1 Rfc8 15. Qe2
Qb6 16. Qb5 Qxb5 17. Nxb5 Ne4 18. a3 e5 19. Bc3 Nxc3 20. bxc3 exd4 21. cxd4 Bf8
22. Bf1 Na5 23. Nc7 Nb3 24. Nxa8 Rxc1 25. Rxc1 Nxc1 26. Bb5 Bxa3 27. Bxa4 Ne2+
28. Kf1 Nc3 29. Bb3 Bh3+ 30. Kg1 Be6 31. Nc7 Bd6 32. Nxe6 fxe6 33. Ng5 e5 34.
dxe5 Bxe5 35. Ne4 Kg7 36. Nxc3 Bxc3 37. Bxd5 b5 38. f4 Kf6 39. Kf2 g5 40. Kf3
gxf4 41. gxf4 Ba5 42. e4 Bc7 43. Bb3 b4 44. h4 h5 45. Kg3 Bb8 46. Bd1 Kg6 47.
Kf3 Kf6 48. Ke3 Ba7+ 49. Kf3 Bb8 50. Kg3 Kg6 51. e5 Bxe5 52. fxe5 Kf5 53. Bxh5 1/2-1/2

[Event "Mondiale Lampo FIDE 2019"]
[Site "Mosca"]
[Date "29.12.2019"]
[Round "8.42"]
[White "Bartel, Mateusz"]
[Black "Alonso Rosell, Alvar"]
[Result "0-1"]
[WhiteTitle "GM"]
[BlackTitle "GM"]
[WhiteElo "2634"]
[BlackElo "2548"]
[WhiteFideId "1112635"]
[BlackFideId "2270544"]
[EventDate "2019.12.29"]

1. e4 c5 2. Ne2 Nf6 3. Nbc3 d6 4. h3 e5 5. g4 g6 6. Bg2 Bg7 7. d3 Nc6 8. Ng3 Be6
9. g5 Nd7 10. h4 h6 11. h5 hxg5 12. hxg6 Rxh1+ 13. Bxh1 fxg6 14. Be3 Nd4 15. Qd2
g4 16. O-O-O Qa5 17. Kb1 O-O-O 18. Nd5 Qxd2 19. Ne7+ Kc7 20. Bxd2 Bf6 21. Nd5+
Bxd5 22. exd5 Bh4 23. Be4 Rf8 24. Be1 Nf5 25. Nh1 Nf6 26. Bg2 Ne7 27. c4 Nf5 28.
Kc2 Nd4+ 29. Kc3 Nf3 30. Bd2 Nh5 31. Be3 Nf4 32. Bxf3 gxf3 33. b4 Ne2+ 34. Kb3
b6 35. b5 g5 36. Kc2 g4 37. Kd2 a6 38. a4 axb5 39. axb5 Ra8 40. Bh6 Nf4 41. Ke3
Nh3 42. Rg1 Nxg1 0-1

[Event "Mondiale Lampo FIDE 2019"]
[Site "Mosca"]
[Date "29.12.2019"]
[Round "8.43"]
[White "Suleymanli, Aydin"]
[Black "Salgado Lopez, Ivan"]
[Result "0-1"]
[WhiteTitle "IM"]
[BlackTitle "GM"]
[WhiteElo "2473"]
[BlackElo "2605"]
[WhiteFideId "13413937"]
[BlackFideId "2257327"]
[EventDate "2019.12.29"]

1. d4 Nf6 2. c4 e6 3. Nc3 Bb4 4. Nf3 b6 5. Bg5 Bb7 6. Nd2 h6 7. Bh4 Be7 8. e3 d6
9. Be2 Nbd7 10. O-O a6 11. Bf3 d5 12. cxd5 exd5 13. Bg3 O-O 14. Re1 Re8 15. Nc4
Bb4 16. Ne5 Nxe5 17. Bxe5 Ne4 18. Bxe4 dxe4 19. a3 Bf8 20. Bg3 Qd7 21. Qb3 a5
22. Rac1 Rac8 23. Red1 Ba6 24. d5 h5 25. h3 Qd8 26. Rd4 h4 27. Bh2 Bd3 28. Rd1
Bc5 29. R1xd3 exd3 30. Rxd3 Qg5 31. Qd1 Bd6 32. f4 Qg6 33. Kh1 f5 34. Bg1 Re7
35. Bf2 Rce8 36. Qf3 Qf6 37. Nb5 Qxb2 38. Nd4 Qb1+ 39. Rd1 Qe4 40. Qh5 Rf7 41.
Ne6 Rxe6 42. dxe6 Qxe6 43. a4 Qb3 44. Re1 Qxa4 45. e4 fxe4 46. Qd5 Qc2 47. Bxh4
Qd3 48. Qa8+ Rf8 49. Qxe4 Qxe4 50. Rxe4 Rxf4 0-1

[Event "Mondiale Lampo FIDE 2019"]
[Site "Mosca"]
[Date "29.12.2019"]
[Round "8.44"]
[White "Petrosian, Tigran L."]
[Black "Xu, Yinglun"]
[Result "1-0"]
[WhiteTitle "GM"]
[BlackTitle "GM"]
[WhiteElo "2601"]
[BlackElo "2555"]
[WhiteFideId "13301616"]
[BlackFideId "8604940"]
[EventDate "2019.12.29"]

1. Nf3 d5 2. g3 Nf6 3. Bg2 c6 4. c4 dxc4 5. O-O Nbd7 6. Na3 Nb6 7. Ne5 Qd4 8.
Nxc6 bxc6 9. Bxc6+ Bd7 10. Nb5 Qe5 11. Bxa8 Nxa8 12. a4 h5 13. d4 Qd5 14. f3 h4
15. e4 Qb7 16. g4 e6 17. Bf4 Be7 18. Nd6+ Bxd6 19. Bxd6 h3 20. Ba3 Rh4 21. Qe2
Nb6 22. a5 Na4 23. Rac1 Bb5 24. Qf2 Rh6 25. Rfe1 Rg6 26. Qh4 Rh6 27. Qg5 Rg6 28.
Qh4 Rh6 29. Qg3 Qd7 30. Qb8+ Qd8 31. Qxb5+ 1-0

[Event "Mondiale Lampo FIDE 2019"]
[Site "Mosca"]
[Date "29.12.2019"]
[Round "8.45"]
[White "Zvjaginsev, Vadim"]
[Black "Vastrukhin, Oleg"]
[Result "1/2-1/2"]
[WhiteTitle "GM"]
[BlackTitle "IM"]
[WhiteElo "2627"]
[BlackElo "2428"]
[WhiteFideId "4113403"]
[BlackFideId "4192770"]
[EventDate "2019.12.29"]

1. e4 e6 2. d4 d5 3. Nd2 c5 4. exd5 exd5 5. Ngf3 Nc6 6. Bb5 Bd6 7. dxc5 Bxc5 8.
Nb3 Bb6 9. O-O Ne7 10. Bd3 O-O 11. c3 h6 12. h3 Bf5 13. Re1 Qd7 14. Be3 Bc7 15.
Nc5 Qc8 16. Bxf5 Qxf5 17. Qd3 Qh5 18. Rad1 b6 19. Nb3 Rad8 20. Nbd4 Nxd4 21.
Bxd4 Ng6 22. Be3 Rfe8 23. Bd2 Rxe1+ 24. Rxe1 Nh4 25. Re7 Nxf3+ 26. Qxf3 Qxf3 27.
gxf3 Bb8 28. Be3 Kf8 29. Rb7 Be5 30. Rxa7 d4 31. cxd4 Bxd4 32. Bxd4 Rxd4 33. Rb7
Rb4 34. b3 g5 35. Kf1 Kg7 36. Ke2 Kg6 37. f4 gxf4 38. f3 f6 39. Kd3 Kg5 40. Kc3
Rb5 41. a4 Re5 42. Rxb6 Re3+ 43. Kd2 Rxf3 44. a5 Rxh3 45. a6 Rh2+ 46. Kc1 Ra2
47. Kb1 Ra5 48. b4 Ra4 49. Kc2 f3 50. Kd3 Ra2 51. Rc6 f2 52. Rc1 Kf4 53. b5 Kf3
54. Kc3 Kg2 55. Kb3 Ra5 56. Kb4 Ra2 57. Kb3 Ra5 58. Kb4 Ra2 59. Kb3 Ra5 60. Kb4 1/2-1/2

[Event "Mondiale Lampo FIDE 2019"]
[Site "Mosca"]
[Date "29.12.2019"]
[Round "8.46"]
[White "Pogosyan, Stefan"]
[Black "Petrov, Nikita"]
[Result "1/2-1/2"]
[WhiteTitle "IM"]
[BlackTitle "GM"]
[WhiteElo "2459"]
[BlackElo "2585"]
[WhiteFideId "34159867"]
[BlackFideId "4101286"]
[EventDate "2019.12.29"]

1. f4 d5 2. Nf3 Bg4 3. d4 e6 4. e3 c5 5. c3 Nf6 6. Bd3 Nc6 7. O-O Be7 8. Nbd2
O-O 9. Qc2 Rc8 10. Qb1 Bh5 11. Ne5 Bg6 12. Nxg6 hxg6 13. Nf3 Ne8 14. Ne5 Nd6 15.
Bd2 Qe8 16. Qd1 f5 17. Rc1 Nxe5 18. fxe5 Ne4 19. Bxe4 dxe4 20. Qb3 Qc6 21. c4
Rfd8 22. Bc3 Bg5 23. Rfe1 cxd4 24. Bxd4 b6 25. g3 Be7 26. Qb5 Qb7 27. b4 Rc6 28.
c5 Rd5 29. Rc2 Qd7 30. Rec1 bxc5 31. bxc5 g5 32. Qb8+ Kh7 33. Rb1 Rxd4 34. exd4
Qxd4+ 35. Kh1 Qd3 36. Qb3 Qd7 37. Rc4 Rxc5 38. Rxc5 Bxc5 39. Qb5 Qd5 40. Qb3
Qxe5 41. Kg2 f4 42. gxf4 gxf4 43. Qh3+ Kg8 44. Qg4 f3+ 45. Kh3 f2 46. Kg2 e3 47.
Kf1 Qd5 48. Rd1 Qf5 49. Qxf5 exf5 50. Rd5 Bb6 1/2-1/2

[Event "Mondiale Lampo FIDE 2019"]
[Site "Mosca"]
[Date "29.12.2019"]
[Round "8.47"]
[White "Can, Emre"]
[Black "Zubov, Alexander"]
[Result "0-1"]
[WhiteTitle "GM"]
[BlackTitle "GM"]
[WhiteElo "2600"]
[BlackElo "2601"]
[WhiteFideId "6302181"]
[BlackFideId "14109409"]
[EventDate "2019.12.29"]

1. e4 Nc6 2. Nf3 d6 3. d4 Nf6 4. Nc3 g6 5. h3 Bg7 6. Be2 O-O 7. d5 Nb8 8. O-O e5
9. dxe6 Bxe6 10. Re1 Nc6 11. Bg5 h6 12. Bh4 g5 13. Bg3 Nd7 14. Nd5 Nc5 15. Nc3
Bxc3 16. bxc3 Nxe4 17. Qd3 Nxg3 18. fxg3 Qf6 19. Nd4 Nxd4 20. cxd4 c5 21. d5 Bf5
22. Qd2 Bg6 23. Rab1 Rab8 24. a4 Rfe8 25. Bb5 Rxe1+ 26. Rxe1 a6 27. Bf1 b5 28.
Qa5 Qd4+ 29. Kh2 Qxd5 30. Qxa6 bxa4 31. Bc4 Qd4 32. Qxa4 d5 33. Qa7 Rf8 34. Bb3
Qc3 35. Rd1 c4 36. Ba4 Be4 37. Qf2 Kg7 38. Bc6 Rd8 39. Ba4 Rd6 40. Qc5 Rf6 41.
h4 gxh4 42. gxh4 Rg6 43. Rg1 Qg3+ 0-1

[Event "Mondiale Lampo FIDE 2019"]
[Site "Mosca"]
[Date "29.12.2019"]
[Round "8.48"]
[White "Gajewski, Grzegorz"]
[Black "Korobov, Anton"]
[Result "1-0"]
[WhiteTitle "GM"]
[BlackTitle "GM"]
[WhiteElo "2626"]
[BlackElo "2668"]
[WhiteFideId "1116207"]
[BlackFideId "14105730"]
[EventDate "2019.12.29"]

1. d4 Nf6 2. Nf3 e6 3. Bf4 d5 4. e3 c5 5. Nbd2 Nc6 6. c3 Bd6 7. Bg3 O-O 8. Bd3
b6 9. Qe2 Bb7 10. Rd1 Bxg3 11. hxg3 h6 12. Ne5 Nxe5 13. dxe5 Nd7 14. f4 f6 15.
Qg4 f5 16. Qg6 Qe8 17. Rxh6 Qxg6 18. Rxg6 Kf7 19. Rg5 Rh8 20. Kf2 Nf6 21. Be2
Ne4+ 22. Nxe4 fxe4 23. Bh5+ Kf8 24. f5 Rh6 25. g4 Rd8 26. Kg3 d4 27. cxd4 cxd4
28. Rxd4 Rxd4 29. exd4 e3 30. fxe6 Be4 31. e7+ Kxe7 32. Rxg7+ Kd8 33. Rxa7 Rh8
34. Ra3 e2 35. Re3 Bd3 36. d5 Ke7 37. e6 Rd8 38. g5 Rxd5 39. Bxe2 Bxe2 40. Rxe2
Rxg5+ 41. Kf4 1-0

[Event "Mondiale Lampo FIDE 2019"]
[Site "Mosca"]
[Date "29.12.2019"]
[Round "8.49"]
[White "Sjugirov, Sanan"]
[Black "Pigusov, Evgeny"]
[Result "0-1"]
[WhiteTitle "GM"]
[BlackTitle "GM"]
[WhiteElo "2665"]
[BlackElo "2555"]
[WhiteFideId "4189302"]
[BlackFideId "4100514"]
[EventDate "2019.12.29"]

1. e4 c5 2. Nf3 Nc6 3. Bb5 g6 4. O-O Bg7 5. c3 e5 6. d4 cxd4 7. cxd4 exd4 8. Bf4
Nge7 9. Bd6 O-O 10. Na3 b6 11. Nc2 Bb7 12. Re1 Re8 13. Qd2 a6 14. Bc4 b5 15. Bb3
Na5 16. Ncxd4 Nxb3 17. Nxb3 Nc8 18. Nc5 Bc6 19. Bf4 Nb6 20. Bg5 Qc7 21. Bf4 Qa7
22. b3 Nc4 23. bxc4 Qxc5 24. cxb5 Bxa1 25. bxc6 Bc3 26. Qe3 Qxc6 27. Rc1 Rac8
28. e5 Qa4 29. Rxc3 Rxc3 30. Qxc3 Qxf4 31. h3 Rb8 32. Qd3 Rc8 33. g3 Qf5 34. Qe2
Rc2 35. Qd1 Rxa2 36. Kg2 Qe4 37. Qxd7 h6 38. Qd8+ Kh7 39. Qd7 Qf5 40. Qb7 Kg7
41. Qc7 Ra3 42. Qb7 Qxf3+ 43. Qxf3 Rxf3 0-1

[Event "Mondiale Lampo FIDE 2019"]
[Site "Mosca"]
[Date "29.12.2019"]
[Round "8.50"]
[White "Gasanov, Eldar"]
[Black "Cheparinov, Ivan"]
[Result "0-1"]
[WhiteTitle "GM"]
[BlackTitle "GM"]
[WhiteElo "2481"]
[BlackElo "2687"]
[WhiteFideId "14104466"]
[BlackFideId "2905540"]
[EventDate "2019.12.29"]

1. d4 Nf6 2. c4 g6 3. Nc3 d5 4. e3 Bg7 5. Qb3 e6 6. Qa3 c6 7. Nf3 a5 8. b3 b6 9.
Be2 Ne4 10. Na4 Na6 11. O-O Nb4 12. Qb2 O-O 13. a3 Na6 14. Bd2 c5 15. Rfd1 Bb7
16. Be1 cxd4 17. Nxd4 Nac5 18. Nc3 Qg5 19. Bf1 dxc4 20. bxc4 Nxc3 21. Qxc3 e5
22. Nb5 Rad8 23. Qb2 Bf3 24. Rxd8 Rxd8 25. Kh1 Nd3 26. Qc2 Bc6 27. Qa2 h5 28.
Nc3 e4 29. Qb3 Qc5 30. Kg1 h4 31. Rd1 f5 32. h3 Rd7 33. Qc2 Nxe1 34. Rxe1 Qxa3
35. Nd5 Qc5 36. Qb3 a4 37. Qxb6 Qxb6 38. Nxb6 Ra7 39. c5 a3 40. Bc4+ Kf8 41. Ba2
Ra5 42. Rd1 Rxc5 43. Nd7+ Bxd7 44. Rxd7 Rc1+ 45. Kh2 Be5+ 46. g3 hxg3+ 47. Kg2
Rc2 48. Rf7+ Ke8 0-1

[Event "Mondiale Lampo FIDE 2019"]
[Site "Mosca"]
[Date "29.12.2019"]
[Round "8.51"]
[White "Riazantsev, Alexander"]
[Black "Sanal, Vahap"]
[Result "1-0"]
[WhiteTitle "GM"]
[BlackTitle "GM"]
[WhiteElo "2639"]
[BlackElo "2549"]
[WhiteFideId "4125029"]
[BlackFideId "6300545"]
[EventDate "2019.12.29"]

1. d4 Nf6 2. c4 e6 3. Nf3 b6 4. a3 Bb7 5. Nc3 d5 6. Bg5 Be7 7. e3 Nbd7 8. Qc2 h6
9. cxd5 exd5 10. Bh4 a6 11. Bd3 O-O 12. O-O Re8 13. Rad1 Ne4 14. Bxe7 Qxe7 15.
b4 Rad8 16. Qb3 Qd6 17. Rc1 Ndf6 18. Rc2 Re7 19. Rfc1 c5 20. dxc5 bxc5 21. Bxe4
dxe4 22. bxc5 Qd7 23. Nd4 Rc8 24. Na4 Bd5 25. Qb4 a5 26. c6 Rxc6 27. Qxa5 Rxc2
28. Rxc2 Qg4 29. Qe1 Ra7 30. h3 Qg5 31. Qd1 Kh7 32. Rc5 Qg6 33. Nc3 Bb7 34. a4
Ba6 35. Ra5 Be2 36. Rxa7 Bxd1 37. Nxd1 Qh5 38. Nc3 Qc5 39. Ndb5 g5 40. Rxf7+ Kg6
41. Rxf6+ 1-0

[Event "Mondiale Lampo FIDE 2019"]
[Site "Mosca"]
[Date "29.12.2019"]
[Round "8.52"]
[White "Grachev, Boris"]
[Black "Aravindh, Chithambaram VR."]
[Result "1-0"]
[WhiteTitle "GM"]
[BlackTitle "GM"]
[WhiteElo "2614"]
[BlackElo "2605"]
[WhiteFideId "4129199"]
[BlackFideId "5072786"]
[EventDate "2019.12.29"]

1. Nf3 d5 2. d4 Nf6 3. Bf4 Bf5 4. e3 e6 5. Bd3 Bd6 6. Ne5 Nbd7 7. Nd2 O-O 8.
Bxf5 exf5 9. Ndf3 Ne4 10. O-O f6 11. Nd3 c6 12. a4 Qe7 13. a5 Rf7 14. Qc1 Nf8
15. c4 Ne6 16. Bxd6 Qxd6 17. b4 a6 18. Rb1 g5 19. Nc5 Re8 20. Nd2 Nxd2 21. Qxd2
dxc4 22. Qc2 Qd5 23. Rfd1 h5 24. Rbc1 Ng7 25. Qxc4 Rd8 26. Qxd5 Rxd5 27. h3 Re7
28. Kf1 Kf7 29. Rc2 Ne8 30. Na4 Nd6 31. Nc3 Nc4 32. Nxd5 cxd5 33. Rdc1 Rc7 34.
Ke2 Ke6 35. Kd3 Kd6 36. Rxc4 dxc4+ 37. Rxc4 Rg7 38. Rc5 Ke6 39. Rc8 h4 40. Re8+
Kd6 41. Rd8+ Ke6 42. Re8+ Kd6 43. Rf8 Ke6 44. d5+ Kxd5 45. Rxf6 Ke5 46. Rb6 Rd7+
47. Ke2 f4 48. b5 fxe3 49. Kxe3 axb5 50. Rxb5+ Kf6 51. Rb6+ Kf5 52. Rb5+ Kg6 53.
Kf3 Rf7+ 54. Ke2 Re7+ 55. Kf1 Kf6 56. g3 hxg3 57. fxg3 Rc7 58. Kf2 Rc2+ 59. Kf3
Ra2 60. Kg4 Ra4+ 61. Kh5 g4 62. hxg4 Ra3 63. g5+ Ke6 64. g4 Kd6 65. Rxb7 Rxa5
66. Kh6 Ke6 67. Rb6+ Ke7 68. g6 Ra8 69. Kg7 Ra4 70. Kg8 Rxg4 71. g7 Rh4 72. Rb2
Rh1 73. Re2+ Kd7 74. Re5 Kd6 75. Re4 Kd5 76. Rf4 Ke5 77. Rf2 Ke6 78. Kf8 1-0

[Event "Mondiale Lampo FIDE 2019"]
[Site "Mosca"]
[Date "29.12.2019"]
[Round "8.53"]
[White "Bocharov, Dmitry"]
[Black "Gareyev, Timur"]
[Result "1-0"]
[WhiteTitle "GM"]
[BlackTitle "GM"]
[WhiteElo "2524"]
[BlackElo "2598"]
[WhiteFideId "4138716"]
[BlackFideId "14200937"]
[EventDate "2019.12.29"]

1. c4 e5 2. Nc3 Nf6 3. Nf3 Nc6 4. e3 Bb4 5. Nd5 e4 6. Ng1 O-O 7. a3 Bd6 8. Nxf6+
Qxf6 9. f4 exf3 10. Nxf3 Ne5 11. d4 Ng4 12. e4 Bxh2 13. e5 Bg3+ 14. Kd2 Qe7 15.
Bd3 h6 16. Kc2 d6 17. exd6 Qxd6 18. Qe2 Nf2 19. Rf1 Nxd3 20. Qxd3 b5 21. cxb5
Qd5 22. Nd2 Qxg2 23. Rf3 Bd6 24. Kb1 Bb7 25. Re3 Rae8 26. a4 Rxe3 27. Qxe3 Qg6+
28. Ka2 Bd5+ 29. b3 f5 30. Nc4 f4 31. Qf2 Qd3 32. Bb2 Bxc4 1-0

[Event "Mondiale Lampo FIDE 2019"]
[Site "Mosca"]
[Date "29.12.2019"]
[Round "8.54"]
[White "Adhiban, Baskaran"]
[Black "Sek, Konstantin"]
[Result "1/2-1/2"]
[WhiteTitle "GM"]
[WhiteElo "2654"]
[BlackElo "2446"]
[WhiteFideId "5018471"]
[BlackFideId "24104302"]
[EventDate "2019.12.29"]

1. d4 Nf6 2. c4 e6 3. Nc3 c5 4. d5 exd5 5. cxd5 d6 6. e4 g6 7. f4 Bg7 8. Bb5+
Nfd7 9. Nf3 a6 10. Bd3 b5 11. O-O O-O 12. a3 Nf6 13. f5 Re8 14. Kh1 Nbd7 15. Bf4
Ng4 16. Bxd6 Ne3 17. Qd2 Nxf1 18. Rxf1 c4 19. Bc2 Ne5 20. Bxe5 Bxe5 21. Nxe5
Rxe5 22. Qf4 Qf6 23. Nd1 h5 24. Ne3 Bd7 25. g4 g5 26. Qf2 h4 27. Qd2 Rae8 28.
Qd4 Kg7 29. Rd1 a5 30. a4 R5e7 31. Qxf6+ Kxf6 32. d6 Rxe4 33. Nd5+ Kg7 34. Bxe4
Rxe4 35. axb5 Bxb5 36. Nc3 Bc6 37. Nxe4 Bxe4+ 38. Kg1 1/2-1/2

[Event "Mondiale Lampo FIDE 2019"]
[Site "Mosca"]
[Date "29.12.2019"]
[Round "8.55"]
[White "Vavulin, Maxim"]
[Black "Mozharov, Mikhail"]
[Result "1-0"]
[WhiteTitle "GM"]
[BlackTitle "GM"]
[WhiteElo "2556"]
[BlackElo "2558"]
[WhiteFideId "4169530"]
[BlackFideId "4189825"]
[EventDate "2019.12.29"]

1. e4 c5 2. Nf3 Nc6 3. d4 cxd4 4. Nxd4 e6 5. Nc3 Qc7 6. Qd3 a6 7. Be2 Nf6 8.
Nxc6 dxc6 9. f4 e5 10. Qg3 Nd7 11. Be3 g6 12. fxe5 Nxe5 13. O-O-O Be6 14. Kb1
Be7 15. Bh6 f6 16. Rhf1 Rd8 17. Bg7 Rxd1+ 18. Bxd1 Rg8 19. Bxf6 Bd6 20. Qe1 Kd7
21. Be2 Kc8 22. Bh4 Re8 23. h3 Qb6 24. Bf2 Qa5 25. a3 Rd8 26. Bh4 Re8 27. Bg3
Qb6 28. Bf2 Qa5 29. Nd1 Qc7 30. Bd4 Bg8 31. Qc3 Qd7 32. Ne3 Qe6 33. Kc1 Qa2 34.
Rf6 Bc7 35. Bc5 Qa1+ 36. Kd2 Rd8+ 37. Bd3 Nxd3 38. cxd3 Qg1 39. Rf1 Qh2 40. Qg7
Be5 41. Qe7 Bc7 42. Rf8 Qg3 43. Rxd8+ Bxd8 44. Qf8 Bb3 45. Bb6 Qg5 46. Bxd8 Qxd8
47. Qxd8+ Kxd8 48. Kc3 Be6 49. Kd4 Ke7 50. Kc5 Kd8 51. Kd6 Bb3 52. d4 a5 53. Ng4
h5 54. Ne5 g5 55. Nf3 g4 56. hxg4 hxg4 57. Ne5 g3 58. Ng4 Bc2 59. e5 Be4 60. Ne3
Ke8 61. Ke6 Kf8 62. Kf6 Ke8 63. Kg5 Ke7 64. Kf4 Bd3 65. Kxg3 Ke6 66. Kf4 b5 67.
g4 b4 68. axb4 axb4 69. Nf5 Kd5 70. Ke3 Bb1 71. Ne7+ Kc4 72. Nxc6 Kb3 73. d5 Bg6
74. e6 1-0

[Event "Mondiale Lampo FIDE 2019"]
[Site "Mosca"]
[Date "29.12.2019"]
[Round "8.56"]
[White "Pashikian, Arman"]
[Black "Yanchenko, Roman"]
[Result "0-1"]
[WhiteTitle "GM"]
[BlackTitle "FM"]
[WhiteElo "2605"]
[BlackElo "2463"]
[WhiteFideId "13301578"]
[BlackFideId "4137329"]
[EventDate "2019.12.29"]

1. d4 d5 2. c4 e6 3. Nf3 Nf6 4. g3 Be7 5. Bg2 O-O 6. O-O Nbd7 7. Nbd2 b6 8. cxd5
exd5 9. b3 Bd6 10. Bb2 Re8 11. Nb1 Ne4 12. Nc3 Nxc3 13. Bxc3 Bb7 14. Rc1 c5 15.
dxc5 bxc5 16. Nh4 Qg5 17. Qd3 Ne5 18. Bxe5 Qxe5 19. e3 Rad8 20. Rfd1 Bf8 21. Qf5
g6 22. Qxe5 Rxe5 23. Nf3 Re6 24. Nd2 Ra6 25. Rc2 Bc8 26. Nb1 d4 27. e4 Be6 28.
Bf1 Rad6 29. f3 R6d7 30. Bd3 a5 31. Nd2 a4 32. bxa4 Ra7 33. Bb5 d3 34. Rcc1 Bxa2
35. Kg2 Rd4 36. Nc4 Bb3 37. Rd2 Bxa4 38. Bxa4 Rxa4 39. Ne5 c4 40. Nc6 0-1

[Event "Mondiale Lampo FIDE 2019"]
[Site "Mosca"]
[Date "29.12.2019"]
[Round "8.57"]
[White "Murzin, Volodar"]
[Black "Perunovic, Milos"]
[Result "0-1"]
[WhiteTitle "IM"]
[BlackTitle "GM"]
[WhiteElo "2442"]
[BlackElo "2589"]
[WhiteFideId "44155573"]
[BlackFideId "921629"]
[EventDate "2019.12.29"]

1. e4 c5 2. Nf3 e6 3. g3 Nc6 4. Bg2 h5 5. h4 d5 6. exd5 exd5 7. d4 Nf6 8. O-O
Bg4 9. Nbd2 cxd4 10. Nb3 Be7 11. Nbxd4 O-O 12. c3 Ne4 13. Be3 Ne5 14. Qc2 Nc4
15. Bf4 Rc8 16. Nh2 Bd7 17. Qe2 g6 18. Rad1 Re8 19. Qc2 Qb6 20. Bc1 Bd6 21. Qb3
Qa6 22. Qc2 Qxa2 23. b3 Qxc2 24. Nxc2 Nb6 25. Bxe4 Rxe4 26. Bd2 Ree8 27. Rfe1
Be5 28. Nd4 Bg7 29. Rxe8+ Bxe8 30. Nhf3 a5 31. Rc1 a4 32. bxa4 Bxa4 33. Bf4 Nc4
34. Rb1 Bc6 35. Kh2 Ra8 36. Kg1 Ra3 37. Rc1 Bd7 38. Nd2 Nxd2 39. Bxd2 b5 40. Be3
Kf8 41. Nxb5 Ra2 42. Nd4 Be5 43. Re1 Bd6 44. Rb1 Kg7 45. Rb7 Bg4 46. Rb1 Be5 47.
Rc1 Bf6 48. Nb5 Bf3 49. Bd4 Be4 50. Bxf6+ Kxf6 51. Nd4 Ke5 52. Re1 Kd6 53. f3
Bd3 54. Re3 Bc4 55. g4 Kc5 56. gxh5 gxh5 57. Nf5 Ra6 58. Kf2 Bb5 59. Kg3 Bd7 60.
Nd4 Kc4 61. Kf4 Ra3 62. Ke5 Rxc3 63. Rxc3+ Kxc3 64. Kxd5 Kd3 65. Ke5 Ke3 66. Nb3
Kxf3 67. Kf6 Kg4 68. Kxf7 Kxh4 69. Nc5 Bf5 70. Kf6 Kg4 71. Nb3 h4 72. Nd2 Bd3
73. Ke5 h3 74. Kd4 h2 0-1

[Event "Mondiale Lampo FIDE 2019"]
[Site "Mosca"]
[Date "29.12.2019"]
[Round "8.58"]
[White "Popov, Ivan RUS"]
[Black "Drygalov, Sergey"]
[Result "1-0"]
[WhiteTitle "GM"]
[BlackTitle "IM"]
[WhiteElo "2636"]
[BlackElo "2473"]
[WhiteFideId "4170350"]
[BlackFideId "24171743"]
[EventDate "2019.12.29"]

1. e4 c5 2. Nf3 d6 3. d4 cxd4 4. Qxd4 Nf6 5. Bg5 Nc6 6. Bb5 e6 7. Bxc6+ bxc6 8.
e5 dxe5 9. Qxd8+ Kxd8 10. Nxe5 Ke8 11. Nd2 Bb7 12. f3 Nd5 13. Nec4 f6 14. Bh4
Ba6 15. O-O-O Kf7 16. Bf2 Be7 17. Na5 Rhc8 18. a3 e5 19. Ne4 Ke6 20. Nc5+ Bxc5
21. Bxc5 h5 22. c4 Nb6 23. Rd6+ Kf7 24. b3 Rc7 25. Rhd1 Bc8 26. Rxc6 Rxc6 27.
Nxc6 h4 28. Kb2 h3 29. gxh3 Bxh3 30. a4 Nd7 31. Bxa7 Rc8 32. Nb4 Ke6 33. Rd2 g5
34. Nd5 g4 35. f4 Bf1 36. f5+ Kf7 37. Ne3 Rc7 38. Nxf1 Rxa7 39. Ne3 Rb7 40. Rd5
Ke7 41. a5 Rb8 42. Kc3 Rh8 43. a6 Rh3 44. Kd3 Rxh2 45. Ra5 Rh8 46. a7 Ra8 47.
Nxg4 Kd6 48. b4 Kc7 49. Ra6 Kb7 50. Rd6 Kc7 51. Ra6 Kb7 52. Ra5 Rxa7 53. Rxa7+
Kxa7 54. Ke4 Kb7 55. Kd5 Nb6+ 56. Kc5 Nd7+ 57. Kd6 Kc8 58. c5 e4 59. Kd5 Kc7 60.
Kxe4 Kc6 61. Ne3 Ne5 62. Nd5 Ng4 63. Kd4 Nh6 64. Ne3 Nf7 65. Ng4 Kb5 66. Nxf6
Kxb4 67. Ne4 Kb5 68. Nd6+ 1-0

[Event "Mondiale Lampo FIDE 2019"]
[Site "Mosca"]
[Date "29.12.2019"]
[Round "8.59"]
[White "Deviatkin, Andrei"]
[Black "Hansen, Eric"]
[Result "1-0"]
[WhiteTitle "GM"]
[BlackTitle "GM"]
[WhiteElo "2436"]
[BlackElo "2606"]
[WhiteFideId "4121260"]
[BlackFideId "2606771"]
[EventDate "2019.12.29"]

1. e4 c5 2. c3 Nf6 3. e5 Nd5 4. d4 cxd4 5. Qxd4 e6 6. Nf3 Nc6 7. Qe4 f5 8. Qe2
b6 9. g3 a5 10. Bg2 Ba6 11. c4 Bb4+ 12. Bd2 Rc8 13. O-O O-O 14. b3 Nde7 15. Nc3
Ng6 16. Rad1 Qc7 17. Rfe1 Bc5 18. Bc1 h6 19. Nb5 Bxb5 20. cxb5 Nb4 21. h4 Nd5
22. Bb2 Bb4 23. Rc1 Qb8 24. Red1 Rxc1 25. Rxc1 Rc8 26. Rc4 Rc7 27. a3 Bc3 28.
Bxc3 Nxc3 29. Qd3 Ne4 30. Qd4 Rxc4 31. bxc4 Qc7 32. h5 Ne7 33. Ne1 Nc5 34. Nc2
g6 35. hxg6 Nxg6 36. f4 Kf7 37. Ne3 h5 38. Kf2 Nb3 39. Qc3 Nc5 40. Qd4 h4 41.
Bf1 hxg3+ 42. Kxg3 Qd8 43. Ng2 Qg8 44. Kf2 Qf8 45. Ke1 Qe7 46. Be2 Nh4 47. Ne3
Kf8 48. Kd1 Ng6 49. Bh5 Nh8 50. Bf3 Nf7 51. Kc2 Qh4 52. Ng2 Qg3 53. Qd1 Qf2+ 54.
Qe2 Qd4 55. Nh4 Ke8 56. Ng6 Qa1 57. Qe3 Qa2+ 58. Kd1 Qa1+ 59. Ke2 Qh1 1-0